[Event "CECLUB Segunda División"]
[Site "Linares"]
[Date "2017.08.11"]
[Round "5"]
[White "Ladron De Guevara Pinto, Paolo"]
[Black "Suarez Gomez, Julio"]
[Result "1/2-1/2"]
[Board "1"]
[WhiteTitle "FM"]
[WhiteElo "2414"]
[WhiteCountry "ESP"]
[WhiteFideId "2290847"]
[WhiteEloChange "1"]
[BlackTitle "FM"]
[BlackElo "2474"]
[BlackCountry "ESP"]
[BlackFideId "22275991"]
[BlackEloChange "-1"]

1. e4 {[%clk 1:30:56]} c5 {[%clk 1:30:53]} 2. Nf3 {[%clk 1:31:21]} e6 {[%clk
1:31:09]} 3. d4 {[%clk 1:31:45]} cxd4 {[%clk 1:31:27]} 4. Nxd4 {[%clk 1:32:10]}
Nc6 {[%clk 1:31:49]} 5. Nc3 {[%clk 1:32:34]} Qc7 {[%clk 1:32:09]} 6. Be3 {[%clk
1:32:59]} a6 {[%clk 1:32:28]} 7. Qd2 {[%clk 1:33:25]} Nf6 {[%clk 1:32:11]} 8. f4
{[%clk 1:33:22]} Bb4 {[%clk 1:32:26]} 9. Bd3 {[%clk 1:33:46]} Na5 {[%clk
1:32:09]} 10. a3 {[%clk 1:33:38]} Bxc3 {[%clk 1:32:21]} 11. Qxc3 {[%clk 1:34:01]}
Qxc3+ {[%clk 1:32:45]} 12. bxc3 {[%clk 1:34:27]} d5 {[%clk 1:32:48]} 13. exd5
{[%clk 1:34:38]} exd5 {[%clk 1:32:59]} 14. Nb3 {[%clk 1:28:22]} Nc4 {[%clk
1:32:08]} 15. Bd4 {[%clk 1:28:32]} Ne4 {[%clk 1:27:11]} 16. Bxc4 {[%clk 1:11:12]}
dxc4 {[%clk 1:27:25]} 17. Nd2 {[%clk 1:11:38]} Nxd2 {[%clk 1:24:26]} 18. Kxd2
{[%clk 1:12:01]} Be6 {[%clk 1:18:02]} 19. Rhf1 {[%clk 1:04:04]} O-O-O {[%clk
1:08:38]} 20. f5 {[%clk 1:04:06]} Bd5 {[%clk 1:08:56]} 21. f6 {[%clk 1:04:28]} g6
{[%clk 1:08:32]} 22. g3 {[%clk 1:03:48]} Rhe8 {[%clk 1:08:49]} 23. Rae1 {[%clk
1:01:44]} Re6 {[%clk 1:08:02]} 24. Rxe6 {[%clk 0:58:54]} Bxe6 {[%clk 1:08:25]}
25. Re1 {[%clk 0:57:55]} Rd5 {[%clk 1:07:52]} 26. Re5 {[%clk 0:50:50]} Rxe5
{[%clk 1:06:30]} 27. Bxe5 {[%clk 0:51:14]} Kd7 {[%clk 1:06:51]} 28. h4 {[%clk
0:51:02]} Kc6 {[%clk 1:07:02]} 29. Bd4 {[%clk 0:51:14]} Kd5 {[%clk 1:05:54]} 30.
Ke3 {[%clk 0:51:05]} Bf5 {[%clk 1:05:55]} 31. Kd2 {[%clk 0:51:28]} Ke4 {[%clk
1:05:59]} 32. Bb6 {[%clk 0:51:36]} Kf3 {[%clk 1:05:38]} 33. Bc7 {[%clk 0:52:00]}
Be6 {[%clk 1:05:41]} 1/2-1/2

[Event "CECLUB Segunda División"]
[Site "Linares"]
[Date "2017.08.11"]
[Round "5"]
[White "Laiz Ibanez, Hector"]
[Black "Naranjo Moreno, Antonio"]
[Result "0-1"]
[Board "2"]
[WhiteTitle "FM"]
[WhiteElo "2284"]
[WhiteCountry "ESP"]
[WhiteFideId "2216710"]
[WhiteEloChange "-7"]
[BlackTitle "FM"]
[BlackElo "2379"]
[BlackCountry "ESP"]
[BlackFideId "2278626"]
[BlackEloChange "7"]

1. Nf3 {[%clk 1:30:36]} Nf6 {[%clk 1:30:16]} 2. g3 {[%clk 1:30:54]} g6 {[%clk
1:30:08]} 3. Bg2 {[%clk 1:31:17]} Bg7 {[%clk 1:30:32]} 4. O-O {[%clk 1:31:37]}
O-O {[%clk 1:30:45]} 5. d4 {[%clk 1:31:54]} d6 {[%clk 1:30:38]} 6. Nc3 {[%clk
1:32:03]} Nbd7 {[%clk 1:21:55]} 7. a4 {[%clk 1:32:24]} a5 {[%clk 1:12:01]} 8. e4
{[%clk 1:32:35]} e5 {[%clk 1:10:45]} 9. h3 {[%clk 1:31:45]} Re8 {[%clk 1:06:37]}
10. Re1 {[%clk 1:32:05]} c6 {[%clk 0:58:47]} 11. g4 {[%clk 1:30:02]} exd4 {[%clk
0:53:49]} 12. Nxd4 {[%clk 1:29:39]} d5 {[%clk 0:54:15]} 13. exd5 {[%clk 1:27:25]}
Rxe1+ {[%clk 0:53:43]} 14. Qxe1 {[%clk 1:27:52]} Nxd5 {[%clk 0:52:10]} 15. Nxd5
{[%clk 1:27:45]} cxd5 {[%clk 0:52:09]} 16. c3 {[%clk 1:18:15]} Nc5 {[%clk
0:46:44]} 17. Bf4 {[%clk 1:12:56]} Bxd4 {[%clk 0:39:01]} 18. cxd4 {[%clk
1:13:21]} Nd3 {[%clk 0:39:26]} 19. Qd2 {[%clk 1:13:45]} Nxf4 {[%clk 0:39:49]} 20.
Qxf4 {[%clk 1:14:09]} Be6 {[%clk 0:39:58]} 21. Rc1 {[%clk 1:11:53]} Rc8 {[%clk
0:39:53]} 22. Rxc8 {[%clk 1:09:38]} Qxc8 {[%clk 0:40:12]} 23. Bf3 {[%clk
1:09:36]} Qc6 {[%clk 0:36:35]} 24. h4 {[%clk 0:52:13]} Qxa4 {[%clk 0:30:34]} 25.
h5 {[%clk 0:52:34]} gxh5 {[%clk 0:29:48]} 26. gxh5 {[%clk 0:51:30]} h6 {[%clk
0:30:08]} 27. Bg4 {[%clk 0:49:02]} Qa1+ {[%clk 0:22:02]} 28. Kg2 {[%clk 0:49:09]}
Qe1 {[%clk 0:21:44]} 29. Bf3 {[%clk 0:45:56]} Kh7 {[%clk 0:19:10]} 30. Kg3 {[%clk
0:40:29]} Qg1+ {[%clk 0:12:42]} 31. Bg2 {[%clk 0:40:54]} Qb1 {[%clk 0:12:51]} 32.
Qe5 {[%clk 0:38:55]} Qd3+ {[%clk 0:12:35]} 33. Kh2 {[%clk 0:38:49]} Qd2 {[%clk
0:12:48]} 34. Bxd5 {[%clk 0:36:02]} Qxf2+ {[%clk 0:10:29]} 35. Bg2 {[%clk
0:35:13]} Qxb2 {[%clk 0:09:30]} 36. Qe4+ {[%clk 0:32:18]} Kg7 {[%clk 0:09:38]}
37. d5 {[%clk 0:30:43]} Bd7 {[%clk 0:09:30]} 38. Qe7 {[%clk 0:30:47]} Bg4 {[%clk
0:06:42]} 39. Kg3 {[%clk 0:29:28]} a4 {[%clk 0:05:19]} 40. d6 {[%clk 0:26:00]}
Qd4 {[%clk 0:04:06]} 41. Bd5 {[%clk 0:24:42]} Qxd5 {[%clk 0:03:28]} 42. Kxg4
{[%clk 0:24:27]} a3 {[%clk 0:03:03]} 43. d7 {[%clk 0:24:13]} a2 {[%clk 0:03:18]}
44. d8Q {[%clk 0:23:47]} Qxd8 {[%clk 0:03:39]} 45. Qxd8 {[%clk 0:24:12]} a1Q
{[%clk 0:04:00]} 46. Qb6 {[%clk 0:23:57]} Qd1+ {[%clk 0:03:57]} 47. Kf4 {[%clk
0:23:39]} Qc1+ {[%clk 0:03:30]} 48. Kf5 {[%clk 0:21:02]} Qg5+ {[%clk 0:03:31]}
49. Ke4 {[%clk 0:21:24]} Qxh5 {[%clk 0:03:36]} 0-1

[Event "CECLUB Segunda División"]
[Site "Linares"]
[Date "2017.08.11"]
[Round "5"]
[White "Claros Egea, Christian"]
[Black "Gonzalez Diaz, Julio"]
[Result "1-0"]
[Board "3"]
[WhiteElo "2227"]
[WhiteCountry "ESP"]
[WhiteFideId "2260468"]
[WhiteEloChange "11"]
[BlackElo "2263"]
[BlackCountry "ESP"]
[BlackFideId "2207613"]
[BlackEloChange "-11"]

1. e4 {[%clk 1:30:21]} e6 {[%clk 1:30:39]} 2. Nc3 {[%clk 1:30:38]} d5 {[%clk
1:27:25]} 3. Nf3 {[%clk 1:30:52]} Nf6 {[%clk 1:23:13]} 4. e5 {[%clk 1:31:15]}
Nfd7 {[%clk 1:23:09]} 5. d4 {[%clk 1:31:38]} c5 {[%clk 1:22:37]} 6. dxc5 {[%clk
1:31:53]} Nc6 {[%clk 1:16:14]} 7. Bf4 {[%clk 1:30:58]} Nxc5 {[%clk 1:10:06]} 8.
h4 {[%clk 1:25:45]} Be7 {[%clk 1:08:13]} 9. h5 {[%clk 1:26:02]} f6 {[%clk
1:00:44]} 10. h6 {[%clk 0:53:08]} g6 {[%clk 1:00:30]} 11. Bd3 {[%clk 0:52:44]}
O-O {[%clk 0:54:27]} 12. Bxg6 {[%clk 0:29:31]} hxg6 {[%clk 0:51:13]} 13. h7+
{[%clk 0:19:18]} Kh8 {[%clk 0:42:30]} 14. Nh4 {[%clk 0:16:47]} Qe8 {[%clk
0:40:40]} 15. Qg4 {[%clk 0:14:51]} g5 {[%clk 0:40:05]} 16. exf6 {[%clk 0:15:00]}
Bxf6 {[%clk 0:35:32]} 17. Bxg5 {[%clk 0:14:32]} e5 {[%clk 0:28:19]} 18. Bxf6+
{[%clk 0:13:20]} Rxf6 {[%clk 0:28:22]} 19. Qg5 {[%clk 0:13:32]} Rd6 {[%clk
0:24:08]} 20. Nb5 {[%clk 0:12:38]} Re6 {[%clk 0:19:10]} 21. Nc7 {[%clk 0:12:42]}
Ne4 {[%clk 0:19:26]} 22. Qg4 {[%clk 0:02:03]} Qf7 {[%clk 0:08:20]} 23. f3 {[%clk
0:02:28]} Rh6 {[%clk 0:00:45]} 24. Qg8+ {[%clk 0:02:48]} Qxg8 {[%clk 0:01:12]}
25. hxg8Q+ {[%clk 0:03:13]} Kxg8 {[%clk 0:01:10]} 26. fxe4 {[%clk 0:02:29]} Rb8
{[%clk 0:01:17]} 27. exd5 {[%clk 0:01:44]} Nd4 {[%clk 0:01:32]} 28. Kd2 {[%clk
0:01:54]} Bd7 {[%clk 0:00:35]} 29. c3 {[%clk 0:01:47]} Nb5 {[%clk 0:00:40]} 30.
Nxb5 {[%clk 0:01:27]} Bxb5 {[%clk 0:01:09]} 31. b3 {[%clk 0:01:43]} Rf8 {[%clk
0:01:33]} 32. c4 {[%clk 0:02:03]} Bd7 {[%clk 0:01:58]} 33. Nf3 {[%clk 0:01:49]}
Rg6 {[%clk 0:01:34]} 34. Nxe5 {[%clk 0:01:57]} Rxg2+ {[%clk 0:01:49]} 35. Kc3
{[%clk 0:01:55]} Rg3+ {[%clk 0:01:08]} 36. Kb4 {[%clk 0:00:59]} Bf5 {[%clk
0:01:19]} 37. Rag1 {[%clk 0:01:19]} Rg7 {[%clk 0:01:42]} 38. Rxg7+ {[%clk
0:01:18]} Kxg7 {[%clk 0:02:11]} 39. Rf1 {[%clk 0:01:37]} b6 {[%clk 0:01:57]} 40.
d6 {[%clk 0:01:18]} a5+ {[%clk 0:01:32]} 41. Kc3 {[%clk 0:01:16]} Kh6 {[%clk
0:01:43]} 42. d7 {[%clk 0:01:29]} Kg5 {[%clk 0:02:02]} 43. Rxf5+ {[%clk 0:01:49]}
1-0

[Event "CECLUB Segunda División"]
[Site "Linares"]
[Date "2017.08.11"]
[Round "5"]
[White "Abal Cores, Lucas"]
[Black "Martin Carmona, Gaston Manuel"]
[Result "1/2-1/2"]
[Board "4"]
[WhiteTitle "FM"]
[WhiteElo "2285"]
[WhiteCountry "ESP"]
[WhiteFideId "22217975"]
[WhiteEloChange "-2"]
[BlackElo "2205"]
[BlackCountry "ESP"]
[BlackFideId "22284567"]
[BlackEloChange "2"]

1. e4 {[%clk 1:30:49]} e6 {[%clk 1:29:55]} 2. d4 {[%clk 1:30:50]} d5 {[%clk
1:29:21]} 3. Nd2 {[%clk 1:30:52]} Be7 {[%clk 1:28:58]} 4. Bd3 {[%clk 1:30:16]} c5
{[%clk 1:26:51]} 5. c3 {[%clk 1:30:08]} cxd4 {[%clk 1:21:44]} 6. cxd4 {[%clk
1:30:27]} dxe4 {[%clk 1:20:54]} 7. Nxe4 {[%clk 1:30:49]} Nf6 {[%clk 1:20:16]} 8.
Nf3 {[%clk 1:27:28]} Nc6 {[%clk 1:13:34]} 9. O-O {[%clk 1:24:00]} O-O {[%clk
1:13:58]} 10. Be3 {[%clk 1:22:37]} Nb4 {[%clk 1:00:46]} 11. Nxf6+ {[%clk
1:14:31]} Bxf6 {[%clk 1:01:09]} 12. Be4 {[%clk 1:14:54]} Nd5 {[%clk 1:00:47]} 13.
Qd3 {[%clk 1:10:30]} g6 {[%clk 0:58:12]} 14. Bh6 {[%clk 1:01:45]} Re8 {[%clk
0:54:41]} 15. Ne5 {[%clk 0:50:42]} b6 {[%clk 0:49:00]} 16. Qf3 {[%clk 0:46:48]}
Bb7 {[%clk 0:40:54]} 17. Rac1 {[%clk 0:46:32]} Qe7 {[%clk 0:33:54]} 18. Bxd5
{[%clk 0:37:23]} Bxd5 {[%clk 0:32:24]} 19. Qf4 {[%clk 0:37:40]} Rac8 {[%clk
0:28:05]} 20. Ng4 {[%clk 0:37:57]} Bg7 {[%clk 0:13:16]} 21. Bg5 {[%clk 0:35:29]}
Qf8 {[%clk 0:12:15]} 22. Bf6 {[%clk 0:30:20]} e5 {[%clk 0:08:04]} 23. dxe5 {[%clk
0:18:15]} Be6 {[%clk 0:07:11]} 24. Bxg7 {[%clk 0:16:29]} Kxg7 {[%clk 0:07:13]}
25. Nf6 {[%clk 0:16:16]} Red8 {[%clk 0:07:05]} 26. h4 {[%clk 0:15:07]} Qe7 {[%clk
0:05:24]} 27. a3 {[%clk 0:13:54]} a5 {[%clk 0:04:24]} 28. h5 {[%clk 0:13:43]} h6
{[%clk 0:04:49]} 29. g4 {[%clk 0:11:18]} Qb7 {[%clk 0:04:02]} 30. f3 {[%clk
0:09:40]} Rd3 {[%clk 0:03:07]} 31. Ne4 {[%clk 0:09:04]} Qe7 {[%clk 0:03:30]} 32.
Rxc8 {[%clk 0:07:39]} Bxc8 {[%clk 0:04:00]} 33. hxg6 {[%clk 0:08:00]} fxg6 {[%clk
0:03:59]} 34. Rc1 {[%clk 0:08:06]} Be6 {[%clk 0:04:02]} 35. Kg2 {[%clk 0:07:10]}
Bd5 {[%clk 0:03:24]} 36. e6 {[%clk 0:06:06]} Bxe6 {[%clk 0:03:53]} 37. Qe5+
{[%clk 0:05:31]} Kf7 {[%clk 0:04:08]} 38. Rc7 {[%clk 0:05:18]} Bd7 {[%clk
0:03:57]} 39. Qh8 {[%clk 0:05:03]} Qe6 {[%clk 0:01:58]} 40. Qxh6 {[%clk 0:04:31]}
Ke7 {[%clk 0:02:07]} 41. Qg5+ {[%clk 0:04:22]} Kf7 {[%clk 0:02:37]} 42. Rb7
{[%clk 0:03:12]} Qc6 {[%clk 0:01:27]} 43. Qf4+ {[%clk 0:02:47]} Ke7 {[%clk
0:01:56]} 44. Rc7 {[%clk 0:03:08]} Qe6 {[%clk 0:02:14]} 45. Qg5+ {[%clk 0:02:18]}
Kf7 {[%clk 0:02:36]} 46. Qb5 {[%clk 0:01:55]} Rd5 {[%clk 0:02:33]} 47. Ng5+
{[%clk 0:01:12]} Ke7 {[%clk 0:01:16]} 48. Nxe6 {[%clk 0:00:42]} Rxb5 {[%clk
0:01:45]} 49. Nf4 {[%clk 0:00:57]} Rxb2+ {[%clk 0:02:04]} 50. Kg3 {[%clk
0:00:57]} g5 {[%clk 0:01:34]} 51. Nh3 {[%clk 0:01:48]} Kd6 {[%clk 0:01:55]} 52.
Rc3 {[%clk 0:02:17]} Rb5 {[%clk 0:02:10]} 53. Rd3+ {[%clk 0:01:55]} Rd5 {[%clk
0:02:12]} 54. Rb3 {[%clk 0:01:50]} b5 {[%clk 0:02:34]} 55. f4 {[%clk 0:02:20]}
gxf4+ {[%clk 0:02:55]} 56. Nxf4 {[%clk 0:02:13]} Rg5 {[%clk 0:03:09]} 57. Rd3+
{[%clk 0:02:20]} Kc6 {[%clk 0:03:30]} 58. Kf3 {[%clk 0:02:27]} Bxg4+ {[%clk
0:03:54]} 59. Ke3 {[%clk 0:02:48]} Bf5 {[%clk 0:02:55]} 60. Rc3+ {[%clk 0:03:17]}
Kd6 {[%clk 0:03:00]} 61. Ne2 {[%clk 0:02:42]} Be6 {[%clk 0:02:18]} 62. Kd3 {[%clk
0:01:13]} Rg4 {[%clk 0:02:23]} 63. Rc1 {[%clk 0:00:34]} Bc4+ {[%clk 0:02:41]} 64.
Ke3 {[%clk 0:01:03]} Rg2 {[%clk 0:02:51]} 65. Nc3 {[%clk 0:01:16]} Rg3+ {[%clk
0:02:17]} 66. Kd2 {[%clk 0:01:44]} Rd3+ {[%clk 0:02:31]} 67. Kc2 {[%clk 0:02:13]}
Rh3 {[%clk 0:02:37]} 68. Rd1+ {[%clk 0:02:18]} Kc6 {[%clk 0:02:49]} 69. Rd2
{[%clk 0:02:43]} Re3 {[%clk 0:02:50]} 70. Rd8 {[%clk 0:01:49]} Be6 {[%clk
0:02:01]} 71. Rb8 {[%clk 0:01:20]} Bc4 {[%clk 0:02:09]} 72. Ra8 {[%clk 0:01:00]}
b4 {[%clk 0:02:08]} 73. axb4 {[%clk 0:01:13]} axb4 {[%clk 0:02:07]} 1/2-1/2

[Event "CECLUB Segunda División"]
[Site "Linares"]
[Date "2017.08.11"]
[Round "5"]
[White "Moreno Trujillo, Alejandro"]
[Black "Fernandez Barrera, Victor"]
[Result "1-0"]
[Board "1"]
[WhiteTitle "IM"]
[WhiteElo "2500"]
[WhiteCountry "ESP"]
[WhiteFideId "2217880"]
[WhiteEloChange "2"]
[BlackTitle "FM"]
[BlackElo "2302"]
[BlackCountry "ESP"]
[BlackFideId "2261529"]
[BlackEloChange "-5"]

1. c4 {[%clk 1:27:24]} e5 {[%clk 1:30:55]} 2. g3 {[%clk 1:27:33]} Nf6 {[%clk
1:31:18]} 3. Bg2 {[%clk 1:27:29]} d5 {[%clk 1:31:41]} 4. cxd5 {[%clk 1:27:45]}
Nxd5 {[%clk 1:32:08]} 5. Nc3 {[%clk 1:27:58]} Nb6 {[%clk 1:32:17]} 6. Nf3 {[%clk
1:27:49]} Nc6 {[%clk 1:32:03]} 7. O-O {[%clk 1:27:34]} Be7 {[%clk 1:32:27]} 8.
Rb1 {[%clk 1:26:11]} a5 {[%clk 1:31:00]} 9. d3 {[%clk 1:23:04]} O-O {[%clk
1:29:40]} 10. Be3 {[%clk 1:20:05]} Be6 {[%clk 1:28:45]} 11. Rc1 {[%clk 1:07:01]}
Nd5 {[%clk 1:25:09]} 12. Nxd5 {[%clk 1:04:12]} Bxd5 {[%clk 1:25:29]} 13. a3
{[%clk 1:03:02]} f6 {[%clk 1:21:50]} 14. Qa4 {[%clk 0:57:49]} Qd7 {[%clk
1:03:51]} 15. Nd2 {[%clk 0:51:15]} Bxg2 {[%clk 1:02:44]} 16. Kxg2 {[%clk
0:51:40]} Qd5+ {[%clk 1:02:57]} 17. Qe4 {[%clk 0:47:12]} Rfd8 {[%clk 1:02:39]}
18. f4 {[%clk 0:41:29]} Qxe4+ {[%clk 0:58:53]} 19. Nxe4 {[%clk 0:40:00]} Rd7
{[%clk 0:55:09]} 20. Rc4 {[%clk 0:31:39]} exf4 {[%clk 0:50:03]} 21. gxf4 {[%clk
0:30:46]} f5 {[%clk 0:47:59]} 22. Nc5 {[%clk 0:27:26]} Bxc5 {[%clk 0:48:17]} 23.
Bxc5 {[%clk 0:27:36]} Re8 {[%clk 0:48:07]} 24. Kf3 {[%clk 0:26:42]} Re6 {[%clk
0:47:23]} 25. Rfc1 {[%clk 0:24:23]} g5 {[%clk 0:45:06]} 26. b4 {[%clk 0:15:55]}
axb4 {[%clk 0:45:14]} 27. axb4 {[%clk 0:16:18]} g4+ {[%clk 0:44:16]} 28. Kf2
{[%clk 0:16:35]} Nd8 {[%clk 0:36:20]} 29. Rd4 {[%clk 0:14:33]} Rxd4 {[%clk
0:34:40]} 30. Bxd4 {[%clk 0:15:01]} Rc6 {[%clk 0:33:11]} 31. Ra1 {[%clk 0:14:19]}
Ne6 {[%clk 0:33:15]} 32. Be5 {[%clk 0:12:06]} Rb6 {[%clk 0:33:24]} 33. Ra4 {[%clk
0:11:20]} Kf7 {[%clk 0:32:41]} 34. e4 {[%clk 0:11:18]} fxe4 {[%clk 0:16:53]} 35.
dxe4 {[%clk 0:11:44]} c5 {[%clk 0:16:45]} 36. f5 {[%clk 0:10:33]} Ng5 {[%clk
0:16:29]} 37. bxc5 {[%clk 0:10:41]} Rb3 {[%clk 0:15:42]} 38. Bg3 {[%clk 0:07:50]}
h5 {[%clk 0:13:04]} 39. Ke2 {[%clk 0:05:57]} Nf3 {[%clk 0:10:50]} 40. c6 {[%clk
0:05:04]} bxc6 {[%clk 0:10:24]} 41. e5 {[%clk 0:04:35]} h4 {[%clk 0:10:30]} 42.
Bf4 {[%clk 0:04:24]} c5 {[%clk 0:08:19]} 43. Ra7+ {[%clk 0:04:22]} Ke8 {[%clk
0:08:29]} 44. f6 {[%clk 0:04:25]} Rb6 {[%clk 0:05:27]} 45. Ke3 {[%clk 0:03:25]}
Nxh2 {[%clk 0:03:09]} 46. Bh6 {[%clk 0:01:52]} Rb3+ {[%clk 0:03:05]} 47. Ke4
{[%clk 0:02:13]} Rf3 {[%clk 0:03:08]} 48. Bf4 {[%clk 0:02:34]} Kf8 {[%clk
0:01:44]} 49. e6 {[%clk 0:02:50]} 1-0

[Event "CECLUB Segunda División"]
[Site "Linares"]
[Date "2017.08.11"]
[Round "5"]
[White "Buendia Pinar, Alvaro"]
[Black "Nayhebaver, Martin"]
[Result "0-1"]
[Board "2"]
[WhiteTitle "FM"]
[WhiteElo "2307"]
[WhiteCountry "ESP"]
[WhiteFideId "2281937"]
[WhiteEloChange "-6"]
[BlackElo "2451"]
[BlackCountry "SVK"]
[BlackFideId "14923432"]
[BlackEloChange "3"]

1. d4 {[%clk 1:27:27]} Nf6 {[%clk 1:30:38]} 2. c4 {[%clk 1:27:52]} e6 {[%clk
1:30:34]} 3. Nf3 {[%clk 1:28:15]} b6 {[%clk 1:30:33]} 4. g3 {[%clk 1:27:54]} Ba6
{[%clk 1:30:27]} 5. Qc2 {[%clk 1:26:47]} Bb7 {[%clk 1:29:25]} 6. Bg2 {[%clk
1:26:52]} c5 {[%clk 1:28:44]} 7. e3 {[%clk 1:24:16]} Be7 {[%clk 1:23:41]} 8. Nc3
{[%clk 1:23:41]} Nc6 {[%clk 1:21:18]} 9. O-O {[%clk 1:23:37]} O-O {[%clk
1:20:28]} 10. Rd1 {[%clk 1:21:43]} cxd4 {[%clk 1:18:57]} 11. exd4 {[%clk
1:22:05]} d5 {[%clk 1:16:56]} 12. Ne5 {[%clk 1:17:23]} Rc8 {[%clk 1:13:49]} 13.
Qa4 {[%clk 1:16:47]} Na5 {[%clk 1:11:58]} 14. b3 {[%clk 1:04:30]} a6 {[%clk
1:05:47]} 15. Bb2 {[%clk 1:03:33]} Qc7 {[%clk 1:03:44]} 16. Bf1 {[%clk 0:55:01]}
dxc4 {[%clk 0:48:24]} 17. bxc4 {[%clk 0:55:08]} Bd6 {[%clk 0:47:55]} 18. Rab1
{[%clk 0:47:24]} Rfd8 {[%clk 0:39:57]} 19. Ne2 {[%clk 0:19:17]} Nxc4 {[%clk
0:29:49]} 20. Nxc4 {[%clk 0:16:35]} b5 {[%clk 0:25:03]} 21. Nxd6 {[%clk 0:16:22]}
bxa4 {[%clk 0:25:27]} 22. Nxc8 {[%clk 0:16:46]} Qxc8 {[%clk 0:25:41]} 23. Rbc1
{[%clk 0:15:40]} Qd7 {[%clk 0:25:43]} 24. Nf4 {[%clk 0:16:00]} Nd5 {[%clk
0:25:07]} 25. Nd3 {[%clk 0:16:03]} Ba8 {[%clk 0:21:50]} 26. Nc5 {[%clk 0:16:08]}
Qc6 {[%clk 0:19:54]} 27. Bg2 {[%clk 0:15:09]} Qb5 {[%clk 0:19:22]} 28. Ba1 {[%clk
0:13:42]} Qe2 {[%clk 0:17:16]} 29. a3 {[%clk 0:12:39]} h5 {[%clk 0:14:59]} 30. h4
{[%clk 0:10:28]} Nf6 {[%clk 0:13:11]} 31. Bxa8 {[%clk 0:08:15]} Rxa8 {[%clk
0:13:33]} 32. Re1 {[%clk 0:07:24]} Qa2 {[%clk 0:12:36]} 33. Nxa4 {[%clk 0:06:49]}
Qxa3 {[%clk 0:11:54]} 34. Nb6 {[%clk 0:07:12]} Rb8 {[%clk 0:11:00]} 35. Nc4
{[%clk 0:07:37]} Qa2 {[%clk 0:10:45]} 36. Ne5 {[%clk 0:07:48]} a5 {[%clk
0:10:08]} 37. Nc6 {[%clk 0:07:01]} Ng4 {[%clk 0:08:52]} 38. Rf1 {[%clk 0:07:00]}
Rb3 {[%clk 0:09:11]} 39. Bc3 {[%clk 0:06:24]} Qa3 {[%clk 0:09:37]} 40. Ra1 {[%clk
0:03:16]} Qd6 {[%clk 0:10:01]} 0-1

[Event "CECLUB Segunda División"]
[Site "Linares"]
[Date "2017.08.11"]
[Round "5"]
[White "Perez Mitjans, Orelvis"]
[Black "Jimenez Martinez, Jose Vicente"]
[Result "1/2-1/2"]
[Board "3"]
[WhiteTitle "GM"]
[WhiteElo "2399"]
[WhiteCountry "ESP"]
[WhiteFideId "3502856"]
[WhiteEloChange "-5"]
[BlackTitle "FM"]
[BlackElo "2222"]
[BlackCountry "ESP"]
[BlackFideId "2264021"]
[BlackEloChange "5"]

1. e4 {[%clk 1:30:59]} d6 {[%clk 1:27:55]} 2. d4 {[%clk 1:31:18]} g6 {[%clk
1:28:19]} 3. Nf3 {[%clk 1:31:31]} Bg7 {[%clk 1:28:45]} 4. h3 {[%clk 1:31:06]} Nf6
{[%clk 1:28:59]} 5. Bd3 {[%clk 1:30:19]} c5 {[%clk 1:24:10]} 6. dxc5 {[%clk
1:28:11]} Qa5+ {[%clk 1:23:49]} 7. Nc3 {[%clk 1:28:09]} Qxc5 {[%clk 1:24:11]} 8.
Be3 {[%clk 1:22:13]} Qa5 {[%clk 1:24:28]} 9. O-O {[%clk 1:17:54]} O-O {[%clk
1:24:04]} 10. Nd4 {[%clk 1:17:34]} Nc6 {[%clk 1:22:57]} 11. Nb3 {[%clk 1:13:50]}
Qd8 {[%clk 1:22:37]} 12. Be2 {[%clk 1:06:04]} Bd7 {[%clk 0:39:57]} 13. f4 {[%clk
0:42:26]} a5 {[%clk 0:30:47]} 14. a4 {[%clk 0:42:43]} Nb4 {[%clk 0:30:52]} 15.
Bf3 {[%clk 0:42:41]} Bc6 {[%clk 0:30:24]} 16. Qe2 {[%clk 0:32:43]} Qc7 {[%clk
0:26:46]} 17. Rad1 {[%clk 0:30:55]} Nd7 {[%clk 0:24:56]} 18. Nd4 {[%clk 0:23:58]}
e5 {[%clk 0:23:29]} 19. Nxc6 {[%clk 0:21:51]} bxc6 {[%clk 0:22:19]} 20. Rd2
{[%clk 0:16:14]} exf4 {[%clk 0:19:36]} 21. Bxf4 {[%clk 0:16:39]} Ne5 {[%clk
0:19:53]} 22. Kh1 {[%clk 0:16:25]} f5 {[%clk 0:06:33]} 23. exf5 {[%clk 0:14:03]}
Rxf5 {[%clk 0:06:58]} 24. Bg4 {[%clk 0:10:30]} Rff8 {[%clk 0:07:18]} 25. Ne4
{[%clk 0:10:09]} Nxg4 {[%clk 0:03:31]} 26. Bxd6 {[%clk 0:02:15]} Rxf1+ {[%clk
0:02:55]} 27. Qxf1 {[%clk 0:02:43]} Qc8 {[%clk 0:00:49]} 28. hxg4 {[%clk
0:01:58]} Qxg4 {[%clk 0:01:07]} 29. Nf6+ {[%clk 0:01:51]} Bxf6 {[%clk 0:01:26]}
30. Qxf6 {[%clk 0:02:20]} Nd5 {[%clk 0:00:42]} 31. Rxd5 {[%clk 0:01:41]} cxd5
{[%clk 0:01:10]} 32. Be5 {[%clk 0:02:10]} Ra7 {[%clk 0:00:36]} 33. Qh8+ {[%clk
0:01:40]} Kf7 {[%clk 0:01:00]} 34. Qxh7+ {[%clk 0:01:58]} Ke6 {[%clk 0:01:06]}
35. Qxa7 {[%clk 0:02:26]} Kxe5 {[%clk 0:01:23]} 36. Qe3+ {[%clk 0:01:25]} Kd6
{[%clk 0:01:11]} 37. Kh2 {[%clk 0:01:03]} Qxa4 {[%clk 0:00:56]} 38. Qg3+ {[%clk
0:01:32]} Kd7 {[%clk 0:01:03]} 39. c3 {[%clk 0:00:52]} Qe4 {[%clk 0:01:10]}
1/2-1/2

[Event "CECLUB Segunda División"]
[Site "Linares"]
[Date "2017.08.11"]
[Round "5"]
[White "Kurajica, Bojan"]
[Black "Galindo Rodriguez, Francisco"]
[Result "0-1"]
[Board "1"]
[WhiteTitle "GM"]
[WhiteElo "2525"]
[WhiteCountry "BIH"]
[WhiteFideId "14400057"]
[WhiteEloChange "-9"]
[BlackElo "2199"]
[BlackCountry "ESP"]
[BlackFideId "2220636"]
[BlackEloChange "17"]

1. Nf3 {[%clk 1:30:57]} Nf6 {[%clk 1:30:24]} 2. c4 {[%clk 1:31:22]} c6 {[%clk
1:30:11]} 3. Nc3 {[%clk 1:31:28]} d5 {[%clk 1:30:33]} 4. e3 {[%clk 1:31:51]} g6
{[%clk 1:30:04]} 5. d4 {[%clk 1:31:15]} Bg7 {[%clk 1:30:27]} 6. cxd5 {[%clk
1:31:39]} Nxd5 {[%clk 1:26:58]} 7. Qb3 {[%clk 1:31:19]} O-O {[%clk 1:26:37]} 8.
Be2 {[%clk 1:31:06]} Nb6 {[%clk 1:25:09]} 9. O-O {[%clk 1:30:48]} Be6 {[%clk
1:23:01]} 10. Qc2 {[%clk 1:30:09]} h6 {[%clk 1:20:41]} 11. Rd1 {[%clk 1:25:52]}
N8d7 {[%clk 1:11:48]} 12. h3 {[%clk 1:18:14]} Bc4 {[%clk 1:04:03]} 13. Bxc4
{[%clk 1:17:20]} Nxc4 {[%clk 1:04:18]} 14. b3 {[%clk 1:17:39]} Nd6 {[%clk
0:59:28]} 15. e4 {[%clk 1:17:36]} Nb5 {[%clk 0:51:40]} 16. Nxb5 {[%clk 1:10:52]}
cxb5 {[%clk 0:51:59]} 17. Bf4 {[%clk 1:11:21]} Rc8 {[%clk 0:46:08]} 18. Qd2
{[%clk 1:10:50]} Kh7 {[%clk 0:41:03]} 19. Qb4 {[%clk 1:08:45]} Nf6 {[%clk
0:34:00]} 20. Qxb5 {[%clk 0:59:04]} Nxe4 {[%clk 0:26:56]} 21. Qxb7 {[%clk
0:59:27]} Nc3 {[%clk 0:24:48]} 22. Re1 {[%clk 0:57:07]} e6 {[%clk 0:17:33]} 23.
Qxa7 {[%clk 0:55:25]} Qd5 {[%clk 0:15:26]} 24. Qa3 {[%clk 0:52:16]} Nb5 {[%clk
0:14:22]} 25. Qb4 {[%clk 0:51:49]} Nxd4 {[%clk 0:10:02]} 26. Nxd4 {[%clk
0:52:00]} Bxd4 {[%clk 0:10:19]} 27. Rad1 {[%clk 0:41:35]} Rfd8 {[%clk 0:09:58]}
28. Be5 {[%clk 0:39:51]} Bxf2+ {[%clk 0:07:05]} 29. Kh2 {[%clk 0:29:54]} Bxe1
{[%clk 0:06:55]} 30. Rxe1 {[%clk 0:30:19]} Rc2 {[%clk 0:06:37]} 31. Qg4 {[%clk
0:30:44]} Rxa2 {[%clk 0:05:40]} 32. Qg3 {[%clk 0:27:55]} Rc8 {[%clk 0:04:51]} 33.
Bf6 {[%clk 0:25:00]} Rcc2 {[%clk 0:04:34]} 34. Rg1 {[%clk 0:25:26]} Rf2 {[%clk
0:04:24]} 35. Bc3 {[%clk 0:25:14]} g5 {[%clk 0:03:57]} 36. b4 {[%clk 0:25:21]}
Kg6 {[%clk 0:04:03]} 37. b5 {[%clk 0:23:37]} Qxb5 {[%clk 0:03:46]} 38. Bd4 {[%clk
0:24:03]} Rfd2 {[%clk 0:03:33]} 39. Bc3 {[%clk 0:22:08]} Rdc2 {[%clk 0:03:31]}
40. Bd4 {[%clk 0:22:22]} Qd5 {[%clk 0:03:37]} 0-1